Wielka Piątka Afryki - zwierzęta - Statystyki

Ogólne statystyki
  • Ten quiz został rozwiązany 180 razy
  • Średni wynik to 3 z 5
Statystyki odpowiedzi
Zwierzę % Poprawnych
Lew
99%
Słoń
92%
Nosorożec
66%
Lampart
44%
Bawół
36%
Nie znaleziono quizów pasujących do podanych kryteriów
Rozkład punktacji
Procent ludzi z każdym wynikiem
Percentyl według liczby udzielonych odpowiedzi
Twoja historia wyników
Nie rozwiązałeś tego quizu